000 00434nam a22001577a 4500
005 20231101080638.0
008 231101b |||||||| |||| 00| 0 eng d
041 _aEnglish
082 _a346.7 MAK
100 _aFaris, V
_lEnglish
245 _aMaking More Money /
_cV Faris
260 _c2002
300 _b46 pages ;
_c30 cm.
_e2 Soft Copy Books
650 _aLegal practice
_bLaw
942 _cBK
_6ALISON_BN_VRIES
999 _c207
_d207